000 00495nam a2200181Ia 4500
008 100920s9999 xx 000 0 und d
082 _b92653
_a--- न 05
100 _aदिवाण वंृदा
245 _aती.
260 _bपायल पब्लिकेशन, पुणे.
_c2005
300 _a230
_bसाधी
365 _b190
520 _aकादंबरी.
630 _aती.
650 _aकादंबरी.
730 _aती.
942 _cBOOK
999 _c733096
_d733093